Ty chladné oči /
Co jsou lidé ochotni udělat pro své bezpečí a svou rodinu? V románu autorka zpracovává málo reflektované téma nedávné minulosti - téma donucené kolaborace s nacistickým režimem během 2. světové války.
Uloženo v:
| Hlavní autor: | |
|---|---|
| Médium: | E-kniha |
| Jazyk: | Czech |
| Vydáno: |
Praha :
Motto,
2023
|
| Vydání: | 1. vydání |
| Témata: | |
| Tagy: |
Žádné tagy |
| LEADER | 02215nam a2200373 i 4500 | ||
|---|---|---|---|
| 001 | 311805 | ||
| 003 | CZ PrSKC | ||
| 005 | 20260601215712.0 | ||
| 007 | ta | ||
| 008 | 230315s2023 xr g 000 f cze | ||
| 015 | |a cnb003505466 | ||
| 020 | |a 9788026724414 |q (vázáno) : |c Kč 399,00 | ||
| 035 | |a (OCoLC)1378695833 | ||
| 040 | |a ABG001 |b cze |e rda | ||
| 072 | 7 | |a 821.162.3-3 |x Česká próza |2 Konspekt | |
| 080 | |a 821.162.3-31 |2 MRF | ||
| 080 | |a (0:82-31) |2 MRF | ||
| 100 | 1 | |a Wilková, Scarlett, |d 1969- |7 xx0067867 |4 aut | |
| 245 | 1 | 0 | |a Ty chladné oči / |c Scarlett Wilková |
| 250 | |a 1. vydání | ||
| 264 | 1 | |a Praha : |b Motto, |c 2023 | |
| 300 | |a 286 stran ; |c 21 cm | ||
| 336 | |a text |b txt |2 rdacontent | ||
| 337 | |a bez média |b n |2 rdamedia | ||
| 338 | |a svazek |b nc |2 rdacarrier | ||
| 520 | 2 | |a Co jsou lidé ochotni udělat pro své bezpečí a svou rodinu? V románu autorka zpracovává málo reflektované téma nedávné minulosti - téma donucené kolaborace s nacistickým režimem během 2. světové války. |b Válka hraje s lidmi krutou šachovou partii, pěšáci se promíchají, na barvě uniformy tolik nesejde. Během nacistické okupace Smolenska se setkají okouzlující ruská dívka Neonila a český mladík Emil donucený bojovat za wehrmacht. Když se spolu po válce usadí v Československu, vznáší se nad nimi stigma kolaborace, a tak jim nezbývá než opatrný život ve strachu. Utají svou minulost a dokážou se po tom, co zažili, dívat na svět i jinak než chladnýma očima? A může strach ospravedlnit krutost spáchanou na jiných? Nakladatelská anotace. | |
| 655 | 7 | |a české romány |7 fd133974 |2 czenas | |
| 655 | 9 | |a Czech fiction |2 eczenas | |
| 900 | |a ABA001 |b 19 | ||
| 928 | 9 | |a Albatros Media - Motto | |
| 044 | |a xr | ||
| 910 | |a RBIT002 | ||
| 998 | |d 366341 |a https://core.palmknihy.cz/api/books/366341/cover?si6keg |b https://core.palmknihy.cz/api/books/366341/cover/400?si6keg |c https://core.palmknihy.cz/api/books/366341/cover/50?si6keg |e 2033-12-31 |g 288 |i 9788026724414 |j https://core.palmknihy.cz/api/books/366341/preview.epub |k https://core.palmknihy.cz/api/books/366341/preview.pdf |l |q 49 |r 1 |s https://www.palmknihy.cz/kniha/366341 |t ebook |y 2023 |z 0 | ||
| 999 | |d 311803 | ||